Neural Networks, Fuzzy Logic, and Genetic Algorithms: (Record no. 13741)
[ view plain ]
| 000 -LEADER | |
|---|---|
| fixed length control field | 00970nam a22002057a 4500 |
| 008 - FIXED-LENGTH DATA ELEMENTS--GENERAL INFORMATION | |
| fixed length control field | 100321t xxu||||| |||| 00| 0 eng d |
| 020 ## - INTERNATIONAL STANDARD BOOK NUMBER | |
| International Standard Book Number | 8120321863 |
| 020 ## - INTERNATIONAL STANDARD BOOK NUMBER | |
| International Standard Book Number | 9788120321861 |
| 082 ## - DEWEY DECIMAL CLASSIFICATION NUMBER | |
| Edition number | 22 |
| Classification number | 006.32 |
| Item number | RAJ |
| 100 ## - MAIN ENTRY--PERSONAL NAME | |
| Personal name | Rajasekaran, S. |
| 9 (RLIN) | 12928 |
| 245 ## - TITLE STATEMENT | |
| Title | Neural Networks, Fuzzy Logic, and Genetic Algorithms: |
| Remainder of title | Synthesis and Applications / |
| Statement of responsibility, etc | S.Rajasekaran, G.A. Vijayalakshmi Pai. |
| 260 ## - PUBLICATION, DISTRIBUTION, ETC. (IMPRINT) | |
| Place of publication, distribution, etc | New Delhi: |
| Name of publisher, distributor, etc | Prentice-Hall of India, 2009 |
| Date of publication, distribution, etc | 2009. |
| 300 ## - PHYSICAL DESCRIPTION | |
| Extent | 439 p. ; |
| Other physical details | ill. ; |
| Dimensions | 25 cm. + |
| Accompanying material | 1 CD-ROM (4 3/4 in.) |
| 500 ## - GENERAL NOTE | |
| General note | Includes Index. |
| 650 ## - SUBJECT ADDED ENTRY--TOPICAL TERM | |
| Topical term or geographic name as entry element | Neural Networks (Computer Science). |
| 9 (RLIN) | 12929 |
| 653 ## - INDEX TERM--UNCONTROLLED | |
| Resource For college | |
| 942 ## - ADDED ENTRY ELEMENTS (KOHA) | |
| Source of classification or shelving scheme | Dewey Decimal Classification |
| Item type | Book - Borrowing |
| Withdrawn status | Item status | Source of classification or shelving scheme | Materials specified (bound volume or other part) | Damaged status | Not for loan | Vendor | Home library | Current library | Shelving location | Date acquired | Source of acquisition | Cost, normal purchase price | Serial Enumeration / chronology | Total Checkouts | Total Renewals | Full call number | Barcode | Date last seen | Date last borrowed | Koha item type |
|---|---|---|---|---|---|---|---|---|---|---|---|---|---|---|---|---|---|---|---|---|
| Lost | Dewey Decimal Classification | Lost In Inventory 15-7-2025 | Alahram | Central Library | Central Library | Lower Floor | 21/03/2010 | 91.00 | 36 | 3 | 15 | 006.32 RAJ | 000019811 | 21/09/2024 | 28/05/2023 | Book - Borrowing | ||||
| Dewey Decimal Classification | Alahram | Central Library | Central Library | Lower Floor | 21/03/2010 | 91.00 | 36 | 006.32 RAJ | 000019812 | 24/08/2022 | CD | DVD - With book |